Quick & painless business writing : An essential guide to clear and powerful communication

Shranjeno v:
Bibliografske podrobnosti
Glavni avtor: Benjamin, Susan F.
Format: Knjiga
Jezik:Undetermined
Izdano: Franklin Lakes, NJ. Career Press 2007
Teme:
Oznake: Označite
Brez oznak, prvi označite!
Thư viện lưu trữ: Trung tâm Học liệu Trường Đại học Cần Thơ
LEADER 00608nam a2200205Ia 4500
001 CTU_128225
008 210402s9999 xx 000 0 und d
020 |c 225000 
082 |a 651.74 
082 |b B468 
100 |a Benjamin, Susan F. 
245 0 |a Quick & painless business writing : 
245 3 |b An essential guide to clear and powerful communication 
245 0 |c Susan F. Benjamin 
260 |a Franklin Lakes, NJ. 
260 |b Career Press 
260 |c 2007 
650 |a Business writing,Thư từ kinh doanh 
904 |i Minh 
980 |a Trung tâm Học liệu Trường Đại học Cần Thơ